University Home | Library Home | Institutional Repository

Abortion. (Record no. 172548)

MARC details
000 -LEADER
fixed length control field 00892cam2a220025300 4500
001 - CONTROL NUMBER
control field lce00583903
008 - FIXED-LENGTH DATA ELEMENTS--GENERAL INFORMATION
fixed length control field 711020s1966 inu b 000 0 eng
010 ## - LIBRARY OF CONGRESS CONTROL NUMBER
LC control number 66018592 //r82
035 ## - SYSTEM CONTROL NUMBER
System control number (Sirsi) r107399
035 ## - SYSTEM CONTROL NUMBER
System control number (DLC) 66018592 //r82
035 ## - SYSTEM CONTROL NUMBER
System control number (UPRA)lce00583903
040 ## - CATALOGING SOURCE
Modifying agency UPRA
043 ## - GEOGRAPHIC AREA CODE
Geographic area code n-us---
050 0# - LIBRARY OF CONGRESS CALL NUMBER
Classification number KF9315
Item number .L3
082 ## - DEWEY DECIMAL CLASSIFICATION NUMBER
Classification number 364.155
100 1# - MAIN ENTRY--PERSONAL NAME
Personal name Lader, Lawrence.
Linkage A65262.1
245 10 - TITLE STATEMENT
Title Abortion.
260 ## - PUBLICATION, DISTRIBUTION, ETC.
Place of publication, distribution, etc. Indianapolis :
Name of publisher, distributor, etc. Bobbs-Merrill,
Date of publication, distribution, etc. [1966]
504 ## - BIBLIOGRAPHY, ETC. NOTE
Bibliography, etc. note Bibliography: p. 196-202.
650 #0 - SUBJECT ADDED ENTRY--TOPICAL TERM
Topical term or geographic name entry element Abortion -- Law and legislation -- United States.
General subdivision Abortion -- Law and legislation -- United States.
Geographic subdivision Abortion -- Law and legislation -- United States.
Linkage S50456.1
650 #0 - SUBJECT ADDED ENTRY--TOPICAL TERM
Topical term or geographic name entry element Abortion -- Law and legislation.
General subdivision Abortion -- Law and legislation.
Linkage S19800.1
949 ## - LOCAL PROCESSING INFORMATION (OCLC)
a KF9315
w lcc
i 33729002084387
m MAIN
t BOOK
l ON-SHELF

No items available.

© 2026 - The University of Zambia Library - Koha v25.11